Central Library OPAC University of Rajshahi

World energy, issues, and policies : (Record no. 37033)

MARC details
000 -LEADER
fixed length control field 01019nam a2200277 a 4500
001 - CONTROL NUMBER
control field 37033
003 - CONTROL NUMBER IDENTIFIER
rucl marc code BD-RjUL
005 - DATE AND TIME OF LATEST TRANSACTION
control field 20211209052554.0
008 - FIXED-LENGTH DATA ELEMENTS--GENERAL INFORMATION
fixed length control field 141001s1980 enka b 100 0 eng
020 ## - INTERNATIONAL STANDARD BOOK NUMBER
International Standard Book Number 0199201196
035 ## - SYSTEM CONTROL NUMBER
System control number (BD-RjUL)37135
040 ## - CATALOGING SOURCE
Original cataloging agency DLC
Transcribing agency DLC
Modifying agency DLC
-- BD-RjUL
Language of cataloging eng
041 ## - LANGUAGE CODE
Language code of text/sound track or separate title eng
082 00 - DEWEY DECIMAL CLASSIFICATION NUMBER
Classification number 333.79
Edition number 19
Author mark and year WOR 1980
111 2# - MAIN ENTRY--MEETING NAME
Meeting name or jurisdiction name as entry element Oxford Energy Seminar
Number of part/section/meeting (1st :
Date of meeting 1979 :
Location of meeting St. Catherine's College)
9 (RLIN) 113196
245 10 - TITLE STATEMENT
Title World energy, issues, and policies :
Remainder of title proceedings of the first Oxford Energy Seminar (September 1979) /
Statement of responsibility, etc. edited by Robert Mabro.
260 ## - PUBLICATION, DISTRIBUTION, ETC. (IMPRINT)
Place of publication, distribution, etc. Oxford ;
-- New York :
Name of publisher, distributor, etc. Oxford University Press for the Oxford Energy Seminar, St. Catherine's College,
Date of publication, distribution, etc. 1980.
300 ## - PHYSICAL DESCRIPTION
Pagination xv, 367 p. :
Illustrations ill. ;
Size 24 cm.
504 ## - BIBLIOGRAPHY, ETC. NOTE
Bibliography, etc Includes bibliographical references.
650 #0 - SUBJECT ADDED ENTRY--TOPICAL TERM
Topical term or geographic name as entry element Power resources
General subdivision Congresses.
9 (RLIN) 113197
Topical term or geographic name as entry element Energy policy
General subdivision Congresses.
9 (RLIN) 103590
700 1# - ADDED ENTRY--PERSONAL NAME
Personal name Mabro, Robert.
942 ## - ADDED ENTRY ELEMENTS (KOHA)
Source of classification or shelving scheme Dewey Decimal Classification
Koha item type Books
Holdings
Lost status Source of classification or shelving scheme Damaged status Not for loan Collection code Permanent Location Current Location Shelving location Date acquired Source of acquisition Total Checkouts Full call number Date last seen Copy number Koha item type
  Dewey Decimal Classification   Not For Loan Non-fiction Institute of Biological Sciences (IBSc) Library Institute of Biological Sciences (IBSc) Library   01/10/2014 British council   333.79 WOR 1980 01/10/2014 C-1 Books